[Event "Moscú open 2006"]
[Site "Moscu RUS"]
[Date "2006.02.01"]
[Round "4.5"]
[White "Nikolenko, Oleg"]
[Black "Naumkin, Igor"]
[Result "1-0"]
[WhiteElo "2524"]
[BlackElo "2422"]
[PlyCount "77"]
[EventDate "2006.01.29"]
[EventType "swiss"]
[EventRounds "9"]
[EventCountry "RUS"]
[Source "lmi"]
[SourceDate "2006.02.06"]

1. e4 e5 2. Nf3 Nc6 3. Bb5 a6 4. Ba4 Nf6 5. O-O Nxe4 6. d4 b5 7. Bb3 d5 8. dxe5
Be6 9. Nbd2 Nc5 10. c3 Be7 11. Bc2 Bg4 12. Re1 Qd7 13. Nf1 Rd8 14. Ne3 Bh5 15.
Nf5 O-O 16. Nxe7+ Qxe7 17. Bg5 Qxg5 18. Nxg5 Bxd1 19. Bxh7+ Kh8 20. Raxd1 Na4
21. e6 fxe6 22. Rxe6 d4 23. Rxc6 dxc3 24. Rxd8 Rxd8 25. Bc2 Re8 26. Kf1 cxb2
27. Rxc7 b4 28. Rc4 Rb8 29. Ne4 Kg8 30. Nd2 Nc3 31. Nb1 Kf8 32. Nxc3 bxc3 33.
Bb1 Rd8 34. Ke1 Re8+ 35. Kd1 Rd8+ 36. Kc2 Rd2+ 37. Kxc3 Rxf2 38. Rg4 a5 39. Bc2
1-0

[Event "Moscú open 2006"]
[Site "Moscu RUS"]
[Date "2006.02.01"]
[Round "4.6"]
[White "Lysyj, Igor"]
[Black "Shabanov, Yuri"]
[Result "1/2-1/2"]
[WhiteElo "2474"]
[BlackElo "2435"]
[PlyCount "42"]
[EventDate "2006.01.29"]
[EventType "swiss"]
[EventRounds "9"]
[EventCountry "RUS"]
[Source "lmi"]
[SourceDate "2006.02.06"]

1. d4 d5 2. Nf3 Nf6 3. c4 c6 4. Nc3 e6 5. Bg5 h6 6. Bh4 Be7 7. e3 O-O 8. Qc2
Nbd7 9. cxd5 exd5 10. Bd3 Re8 11. O-O Ne4 12. Bxe7 Qxe7 13. Bxe4 dxe4 14. Nd2
Nf6 15. Rae1 Bd7 16. f3 exf3 17. Rxf3 Rad8 18. e4 Bg4 19. Rd3 Bh5 20. Nf1 Bg6
21. Ng3 c5 1/2-1/2

[Event "Moscú open 2006"]
[Site "Moscu RUS"]
[Date "2006.02.01"]
[Round "4.8"]
[White "Iskusnyh, Sergei"]
[Black "Slizhevsky, Alexander"]
[Result "1/2-1/2"]
[WhiteElo "2459"]
[BlackElo "2409"]
[PlyCount "51"]
[EventDate "2006.01.29"]
[EventType "swiss"]
[EventRounds "9"]
[EventCountry "RUS"]
[Source "lmi"]
[SourceDate "2006.02.06"]

1. d4 Nf6 2. c4 g6 3. Nc3 d5 4. cxd5 Nxd5 5. Bd2 Bg7 6. e4 Nb6 7. Be3 O-O 8.
Bb5 Be6 9. Nf3 Bg4 10. O-O Bxf3 11. Qxf3 a6 12. Be2 Bxd4 13. Rfd1 c5 14. b4 Qc7
15. bxc5 Bxc5 16. Rac1 N8d7 17. Nd5 Nxd5 18. Rxd5 b6 19. Bf4 Qc6 20. e5 Rfe8
21. Rdd1 Nb8 22. e6 Qxe6 23. Qxa8 Qxe2 24. Rd2 Qg4 25. Bxb8 Qc8 26. Rb1 1/2-1/2

[Event "Moscú open 2006"]
[Site "Moscu RUS"]
[Date "2006.02.01"]
[Round "4.9"]
[White "Nepomniashchy, Yan"]
[Black "Zabotin, Alexander"]
[Result "1-0"]
[WhiteElo "2483"]
[BlackElo "2332"]
[PlyCount "81"]
[EventDate "2006.01.29"]
[EventType "swiss"]
[EventRounds "9"]
[EventCountry "RUS"]
[Source "lmi"]
[SourceDate "2006.02.06"]

1. e4 c5 2. Nf3 d6 3. d4 cxd4 4. Nxd4 Nf6 5. Nc3 a6 6. Be3 e6 7. g4 h6 8. Bg2
Nc6 9. h3 Qc7 10. Qe2 Nxd4 11. Bxd4 e5 12. Be3 Be6 13. O-O-O Be7 14. f4 exf4
15. Bxf4 Nd7 16. Nd5 Bxd5 17. exd5 Ne5 18. Bxe5 dxe5 19. h4 Bd6 20. Be4 Qa5 21.
Kb1 Rc8 22. Rhf1 Qd8 23. Qf2 Rc7 24. Rd3 Rf8 25. Rf3 Qe7 26. Rf5 Rc4 27. Qe2 b5
28. g5 hxg5 29. hxg5 Qa7 30. Bd3 Rc7 31. Rxe5+ Bxe5 32. Qxe5+ Re7 33. Qxg7 Qc5
34. Qf6 Qxd5 35. Qxa6 Re5 36. g6 f5 37. g7 Rg8 38. Bxf5 Rxg7 39. Qc8+ Qd8 40.
Qc6+ Kf7 41. Bh7+ 1-0

[Event "Moscú open 2006"]
[Site "Moscu RUS"]
[Date "2006.02.01"]
[Round "4.10"]
[White "Yandemirov, Valeri"]
[Black "Yuferov, Sergey  N"]
[Result "1/2-1/2"]
[WhiteElo "2481"]
[BlackElo "2431"]
[PlyCount "55"]
[EventDate "2006.01.29"]
[EventType "swiss"]
[EventRounds "9"]
[EventCountry "RUS"]
[Source "lmi"]
[SourceDate "2006.02.06"]

1. e4 c5 2. Nf3 d6 3. d4 cxd4 4. Nxd4 Nf6 5. f3 Nc6 6. c4 Qb6 7. Nc2 g6 8. Nc3
Bg7 9. Qd3 O-O 10. Be3 Nb4 11. Nxb4 Qxb4 12. Qd2 Be6 13. Nb5 Qxd2+ 14. Kxd2 a6
15. Nc7 Rac8 16. Nxe6 fxe6 17. Be2 Nd7 18. Rab1 Ne5 19. Rhc1 Nc6 20. b4 Nd4 21.
c5 Rfd8 22. cxd6 exd6 23. Bd3 Kf7 24. Rxc8 Rxc8 25. Rc1 Rxc1 26. Kxc1 Ke7 27.
Kd2 Kd7 28. Bxd4 1/2-1/2

[Event "Moscú open 2006"]
[Site "Moscu RUS"]
[Date "2006.02.01"]
[Round "4.11"]
[White "Ivanov, Victor L"]
[Black "Gasanov, Eldar"]
[Result "1/2-1/2"]
[WhiteElo "2463"]
[BlackElo "2438"]
[PlyCount "76"]
[EventDate "2006.01.29"]
[EventType "swiss"]
[EventRounds "9"]
[EventCountry "RUS"]
[Source "lmi"]
[SourceDate "2006.02.06"]

1. e4 c5 2. Nf3 d6 3. Bc4 Nf6 4. d3 Nc6 5. c3 g6 6. O-O Bg7 7. Bb3 O-O 8. Re1
e5 9. Bg5 h6 10. Bh4 Na5 11. Bc2 g5 12. Bg3 Nh5 13. Nbd2 Nf4 14. d4 exd4 15.
cxd4 cxd4 16. Bxf4 gxf4 17. Nb3 Nxb3 18. Bxb3 Bg4 19. h3 Bh5 20. Qd3 Bxf3 21.
Qxf3 Qg5 22. Bd5 Rac8 23. Bxb7 Rb8 24. Bd5 Rxb2 25. Rac1 d3 26. Qxd3 f3 27. g3
Rd2 28. Qxf3 Bd4 29. h4 Rxf2 30. hxg5 Rxf3+ 31. Kg2 Rf2+ 32. Kh3 hxg5 33. Rf1
Rxf1 34. Rxf1 Kg7 35. Kg4 Kg6 36. Rc1 Bc5 37. Rf1 f6 38. Rb1 Bb6 1/2-1/2

[Event "Moscú open 2006"]
[Site "Moscu RUS"]
[Date "2006.02.01"]
[Round "4.12"]
[White "Pustov, Pavel"]
[Black "Tihonov, Jurij"]
[Result "0-1"]
[WhiteElo "2392"]
[BlackElo "2454"]
[PlyCount "68"]
[EventDate "2006.01.29"]
[EventType "swiss"]
[EventRounds "9"]
[EventCountry "RUS"]
[Source "lmi"]
[SourceDate "2006.02.06"]

1. e4 c5 2. Nf3 d6 3. c3 Nf6 4. Be2 Bd7 5. Qc2 Bc6 6. d3 g6 7. O-O Bg7 8. Nbd2
O-O 9. d4 cxd4 10. cxd4 Qd7 11. d5 Bb5 12. Bxb5 Qxb5 13. Nb1 Na6 14. Nc3 Qc4
15. Nd2 Qc7 16. Nb3 Nd7 17. Be3 Nb4 18. Qe2 Ne5 19. a3 Nbd3 20. f4 Nxb2 21. Nb5
Qc4 22. Qxc4 Nexc4 23. Bxa7 b6 24. a4 f5 25. e5 dxe5 26. fxe5 Bxe5 27. a5 bxa5
28. Bd4 Rfb8 29. Bxe5 Rxb5 30. Bxb2 Nxb2 31. Nd4 Rxd5 32. Nc6 Kf7 33. Rfb1 Ra6
34. Nxe7 Rd2 0-1

[Event "Moscú open 2006"]
[Site "Moscu RUS"]
[Date "2006.02.01"]
[Round "4.13"]
[White "Bogachkov, Igor"]
[Black "Gabrielian, Artur"]
[Result "0-1"]
[WhiteElo "2353"]
[BlackElo "2495"]
[PlyCount "54"]
[EventDate "2006.01.29"]
[EventType "swiss"]
[EventRounds "9"]
[EventCountry "RUS"]
[Source "lmi"]
[SourceDate "2006.02.06"]

1. e4 c5 2. Nf3 d6 3. d4 cxd4 4. Nxd4 Nf6 5. Nc3 a6 6. Bc4 e6 7. Bb3 b5 8. Bg5
Be7 9. Qe2 b4 10. Na4 O-O 11. f4 Bb7 12. f5 e5 13. Bxf6 Bxf6 14. Nf3 Qa5 15. a3
d5 16. axb4 Qxb4+ 17. Nc3 dxe4 18. Ra4 Qb6 19. Nxe4 Bxe4 20. Qxe4 Nd7 21. Rb4
Qa5 22. c3 Nc5 23. Qe2 e4 24. O-O exf3 25. Rxf3 Nxb3 26. Rxb3 Qc5+ 27. Kh1 a5
0-1

[Event "Moscú open 2006"]
[Site "Moscu RUS"]
[Date "2006.02.01"]
[Round "4.14"]
[White "Shomoev, Anton"]
[Black "Aleshin, Oleg"]
[Result "1/2-1/2"]
[WhiteElo "2490"]
[BlackElo "2423"]
[PlyCount "107"]
[EventDate "2006.01.29"]
[EventType "swiss"]
[EventRounds "9"]
[EventCountry "RUS"]
[Source "lmi"]
[SourceDate "2006.02.06"]

1. e4 e5 2. Nf3 Nc6 3. Bb5 a6 4. Ba4 Nf6 5. O-O Be7 6. Re1 b5 7. Bb3 d6 8. c3
O-O 9. h3 h6 10. d4 Re8 11. Nbd2 Bf8 12. Nf1 Bd7 13. Ng3 Na5 14. Bc2 c5 15. b3
Nc6 16. d5 Ne7 17. a4 Ng6 18. Be3 Qb8 19. Qd2 Qb7 20. c4 Reb8 21. Ne2 Be7 22.
Ra2 Qc8 23. Bd3 bxa4 24. bxa4 Nh5 25. Kh2 Rb4 26. Qc2 Rab8 27. Bd2 Rb3 28. Bc3
Nhf4 29. Nxf4 Nxf4 30. Bf1 Bf6 31. Nd2 R3b7 32. Rb1 Rxb1 33. Nxb1 Bd8 34. a5
Bc7 35. Rb2 Kf8 36. Nd2 Qd8 37. Rxb8 Qxb8 38. g3 Ng6 39. Bg2 Qd8 40. Qa2 Qb8
41. Nf3 f6 42. Ne1 Nh8 43. Nd3 Nf7 44. f4 Kg8 45. Nc1 Nd8 46. Bf3 Qc8 47. f5
Be8 48. Bd1 Qd7 49. Qb2 Qc8 50. Qa3 Qd7 51. Qb2 Qc8 52. Qa3 Qd7 53. Qb2 Qc8 54.
Qa3 1/2-1/2

[Event "Moscú open 2006"]
[Site "Moscu RUS"]
[Date "2006.02.01"]
[Round "4.15"]
[White "Kryakvin, Dmitry"]
[Black "Khruschiov, Alexey"]
[Result "1-0"]
[WhiteElo "2479"]
[BlackElo "2444"]
[PlyCount "79"]
[EventDate "2006.01.29"]
[EventType "swiss"]
[EventRounds "9"]
[EventCountry "RUS"]
[Source "lmi"]
[SourceDate "2006.02.06"]

1. d4 d5 2. c4 e6 3. Nc3 Nf6 4. cxd5 exd5 5. Bg5 c6 6. e3 Be7 7. Bd3 Nbd7 8.
Nf3 Nh5 9. Bxe7 Qxe7 10. O-O g6 11. Rb1 O-O 12. b4 a6 13. a4 Nhf6 14. Qc2 Re8
15. Rfc1 Nb6 16. b5 axb5 17. axb5 c5 18. dxc5 Qxc5 19. Nd4 Bd7 20. Nce2 Qxc2
21. Rxc2 Rec8 22. Rxc8+ Rxc8 23. f3 Kf8 24. Kf2 h5 25. Ra1 Ra8 26. Rxa8+ Nxa8
27. Kg3 Ke7 28. Kf4 Nc7 29. Nc3 Nfe8 30. b6 Ne6+ 31. Ke5 Bc6 32. Nxd5+ Bxd5 33.
Kxd5 Nf6+ 34. Kc4 Nxd4 35. exd4 Kd6 36. Kb5 h4 37. g3 hxg3 38. hxg3 Kd5 39.
Bc4+ Kxd4 40. Bxf7 1-0

[Event "Moscú open 2006"]
[Site "Moscu RUS"]
[Date "2006.02.01"]
[Round "4.16"]
[White "Hasangatin, Ramil"]
[Black "Petrosian, Davit Gevorgi"]
[Result "1-0"]
[WhiteElo "2353"]
[BlackElo "2377"]
[PlyCount "44"]
[EventDate "2006.01.29"]
[EventType "swiss"]
[EventRounds "9"]
[EventCountry "RUS"]
[Source "lmi"]
[SourceDate "2006.02.06"]

1. Nf3 Nf6 2. c4 g6 3. b4 Bg7 4. Bb2 O-O 5. e3 d6 6. d3 e5 7. Nc3 Re8 8. Qc2 d5
9. cxd5 Nxd5 10. a3 a5 11. b5 c6 12. Rb1 cxb5 13. Nxb5 Nc6 14. Be2 Be6 15. O-O
Rc8 16. Qd2 Nc7 17. Nc3 Na6 18. d4 e4 19. Ne1 Bd5 20. g3 Re6 21. Ng2 g5 22.
Rfc1 Rh6 1-0

[Event "Moscú open 2006"]
[Site "Moscu RUS"]
[Date "2006.02.01"]
[Round "4.17"]
[White "Riazantsev, Alexander"]
[Black "Mongontuul, Bathuyag"]
[Result "1-0"]
[WhiteElo "2596"]
[BlackElo "2357"]
[PlyCount "42"]
[EventDate "2006.01.29"]
[EventType "swiss"]
[EventRounds "9"]
[EventCountry "RUS"]
[Source "lmi"]
[SourceDate "2006.02.06"]

1. d4 Nf6 2. c4 g6 3. Nc3 Bg7 4. e4 d6 5. f3 O-O 6. Bg5 c5 7. d5 h6 8. Bf4 Kh7
9. Qd2 a6 10. a4 Re8 11. Be2 b6 12. g4 e6 13. h4 exd5 14. cxd5 Qe7 15. Nh3 Nbd7
16. Be3 Ne5 17. g5 Nh5 18. gxh6 Bxh3 19. Rxh3 Qd7 20. Rh2 Bh8 21. Kf2 f5 1-0

[Event "Moscú open 2006"]
[Site "Moscu RUS"]
[Date "2006.02.01"]
[Round "4.18"]
[White "Prosviriakov, Vladimir"]
[Black "Potkin, Vladimir"]
[Result "0-1"]
[WhiteElo "2400"]
[BlackElo "2546"]
[PlyCount "74"]
[EventDate "2006.01.29"]
[EventType "swiss"]
[EventRounds "9"]
[EventCountry "RUS"]
[Source "lmi"]
[SourceDate "2006.02.06"]

1. d4 d5 2. Nf3 Nf6 3. c4 e6 4. Nc3 c6 5. cxd5 exd5 6. Bg5 h6 7. Bh4 Bf5 8. e3
Nbd7 9. Bd3 Bxd3 10. Qxd3 Bd6 11. O-O O-O 12. Bg3 Bxg3 13. hxg3 a5 14. Nh4 Re8
15. Nf5 Qc7 16. Rac1 g6 17. Nh4 Qd6 18. Nxg6 fxg6 19. Qxg6+ Kf8 20. Qxh6+ Kf7
21. Qf4 Qxf4 22. gxf4 a4 23. Nb1 Ra5 24. Nd2 Rb5 25. Rc2 Ne4 26. Nf3 Nd6 27. g4
Nc4 28. Rb1 Na3 29. Rbc1 Nxc2 30. Rxc2 Nb6 31. Ne5+ Rxe5 32. dxe5 Nc4 33. b3
axb3 34. axb3 Rxb3 35. g5 b5 36. Kg2 b4 37. Rc1 Rb2 0-1

[Event "Moscú open 2006"]
[Site "Moscu RUS"]
[Date "2006.02.01"]
[Round "4.19"]
[White "Zilbert, Oleg"]
[Black "Zakharstov, Viacheslav V"]
[Result "0-1"]
[WhiteElo "2370"]
[BlackElo "2529"]
[PlyCount "128"]
[EventDate "2006.01.29"]
[EventType "swiss"]
[EventRounds "9"]
[EventCountry "RUS"]
[Source "lmi"]
[SourceDate "2006.02.06"]

1. e4 c5 2. Nf3 e6 3. c4 Nc6 4. Nc3 Nf6 5. Be2 b6 6. O-O Bb7 7. d3 Be7 8. a3
O-O 9. h3 d5 10. Bf4 d4 11. Na4 Nd7 12. Rb1 a6 13. b3 b5 14. Nb2 e5 15. Bd2 Bd6
16. Ne1 Qe7 17. Bf3 Rab8 18. g3 Bc7 19. Ng2 Ba5 20. Bc1 Ba8 21. Nh4 g6 22. Bh6
Rfe8 23. Bg2 Nd8 24. Qc2 f6 25. cxb5 axb5 26. a4 Nf7 27. Bc1 bxa4 28. bxa4 Nd6
29. Nf3 Qe6 30. Bd2 Bc7 31. Nc4 Nxc4 32. dxc4 Bb7 33. Rfc1 Ba6 34. Bf1 Rxb1 35.
Rxb1 Qc6 36. Nh4 Kg7 37. f3 Ra8 38. a5 Bc8 39. Rb5 Nf8 40. Kh2 Ne6 41. Qc1 Qd6
42. Bd3 Qd8 43. f4 exf4 44. gxf4 Bd7 45. Rb2 Bxa5 46. Bxa5 Qxa5 47. Rb7 Ra7 48.
Rxa7 Qxa7 49. e5 fxe5 50. fxe5 Qb8 51. Qe1 Ng5 52. Qg3 Nf7 53. Nf3 Bc6 54. e6
Qxg3+ 55. Kxg3 Bxf3 56. exf7 Bc6 57. Kf4 Kxf7 58. Ke5 Ke7 59. h4 Bg2 60. Be2
Kd7 61. Bd3 Kc6 62. Be2 Kb6 63. Kd6 Be4 64. Ke5 Bc2 0-1

[Event "Moscú open 2006"]
[Site "Moscu RUS"]
[Date "2006.02.01"]
[Round "4.20"]
[White "Dvoirys, Semen I"]
[Black "Kotenko, Pavel"]
[Result "1-0"]
[WhiteElo "2595"]
[BlackElo "2340"]
[PlyCount "95"]
[EventDate "2006.01.29"]
[EventType "swiss"]
[EventRounds "9"]
[EventCountry "RUS"]
[Source "lmi"]
[SourceDate "2006.02.06"]

1. e4 e5 2. Nf3 Nc6 3. Bb5 a6 4. Ba4 Nf6 5. O-O Nxe4 6. d4 b5 7. Bb3 d5 8. dxe5
Be6 9. c3 Bc5 10. Nbd2 O-O 11. Bc2 Bf5 12. Nb3 Bg6 13. a4 Ba7 14. Nbd4 Nxd4 15.
Nxd4 Qd7 16. axb5 axb5 17. Be3 Bb6 18. Qe2 c6 19. Nb3 Qc7 20. Bxe4 dxe4 21.
Bxb6 Qxb6 22. Qe3 Qxe3 23. fxe3 Rad8 24. Rfd1 Rd3 25. Nc5 Rxe3 26. Kf2 Rd3 27.
Nxd3 exd3 28. Ra6 Rc8 29. Rda1 Kf8 30. Ra8 Rxa8 31. Rxa8+ Ke7 32. Ke3 Ke6 33.
Rg8 Kxe5 34. Rxg7 h5 35. Rg8 Kd5 36. b3 Kd6 37. b4 Kd7 38. Ra8 Ke7 39. g3 Kd7
40. Ra2 Ke6 41. Rf2 Ke5 42. Rf4 Ke6 43. g4 hxg4 44. Rxg4 Bf5 45. Rg7 Kd5 46. h4
Kc4 47. Kd2 Be4 48. h5 1-0

[Event "Moscú open 2006"]
[Site "Moscu RUS"]
[Date "2006.02.01"]
[Round "4.21"]
[White "Granovski, Aleksandar"]
[Black "Vorobiov, Evgeny E"]
[Result "0-1"]
[WhiteElo "2345"]
[BlackElo "2529"]
[PlyCount "68"]
[EventDate "2006.01.29"]
[EventType "swiss"]
[EventRounds "9"]
[EventCountry "RUS"]
[Source "lmi"]
[SourceDate "2006.02.06"]

1. d4 c5 2. d5 e5 3. c4 d6 4. e4 g6 5. Nc3 h5 6. Bd3 Bh6 7. Bxh6 Nxh6 8. Qd2
Kf8 9. O-O-O Nd7 10. h3 Kg7 11. g3 Qe7 12. Kb1 a6 13. Ka1 Rb8 14. Nge2 f6 15.
Rdg1 Nf7 16. f4 Nf8 17. Rf1 Bd7 18. Nd1 h4 19. Nf2 hxg3 20. Nxg3 exf4 21. Qxf4
Qe5 22. Qe3 Rh4 23. Be2 b5 24. cxb5 Bxb5 25. Bxb5 Rxb5 26. Nd3 Qd4 27. Nf5+
gxf5 28. Rhg1+ Ng5 29. Rxg5+ fxg5 30. Qxg5+ Ng6 31. exf5 Qf6 32. Qg2 Rd4 33.
Nc1 c4 34. a4 Rbxd5 0-1

[Event "Moscú open 2006"]
[Site "Moscu RUS"]
[Date "2006.02.01"]
[Round "4.22"]
[White "Filatov, Dmitry"]
[Black "Grachev, Boris"]
[Result "0-1"]
[WhiteElo "2277"]
[BlackElo "2512"]
[PlyCount "66"]
[EventDate "2006.01.29"]
[EventType "swiss"]
[EventRounds "9"]
[EventCountry "RUS"]
[Source "lmi"]
[SourceDate "2006.02.06"]

1. e4 c5 2. Nf3 d6 3. d4 cxd4 4. Nxd4 Nf6 5. Nc3 a6 6. Bg5 Nc6 7. f4 Ng4 8. Qd2
h6 9. Bh4 g5 10. Bg3 gxf4 11. Nxc6 bxc6 12. Bxf4 Bg7 13. h3 Ne5 14. Be2 Be6 15.
Be3 Rg8 16. Bxh6 Bf6 17. O-O-O Rb8 18. Na4 Bc4 19. b3 Bb5 20. Nb2 c5 21. a4 Bc6
22. Bxa6 Rb4 23. Rhf1 Rg6 24. Be3 Qb8 25. g4 Rxe4 26. Rf4 Rxe3 27. Qxe3 Bg5 28.
h4 Nxg4 29. Qg3 Bh6 30. Kb1 Nf6 31. Qf2 Bxf4 32. Qxf4 Ne4 33. Bb5 Nc3+ 0-1

[Event "Moscú open 2006"]
[Site "Moscu RUS"]
[Date "2006.02.01"]
[Round "4.23"]
[White "Kaganskiy, Gleb"]
[Black "Geller, Jakov"]
[Result "1/2-1/2"]
[WhiteElo "2297"]
[BlackElo "2483"]
[PlyCount "48"]
[EventDate "2006.01.29"]
[EventType "swiss"]
[EventRounds "9"]
[EventCountry "RUS"]
[Source "lmi"]
[SourceDate "2006.02.06"]

1. d4 d5 2. c4 e6 3. Nc3 c6 4. e4 dxe4 5. Nxe4 Bb4+ 6. Bd2 Qxd4 7. Bxb4 Qxe4+
8. Be2 Na6 9. Ba5 b6 10. Qd6 Bd7 11. Bc3 f6 12. Nf3 Ne7 13. O-O-O Qxe2 14.
Qxd7+ Kf7 15. Qd4 Rhd8 16. Qg4 Kf8 17. Rde1 Qd3 18. Rxe6 h5 19. Qxh5 Qxc4 20.
Rhe1 Nb4 21. Rxe7 Nxa2+ 22. Kc2 Nb4+ 23. Kc1 Na2+ 24. Kc2 Nb4+ 1/2-1/2

[Event "Moscú open 2006"]
[Site "Moscu RUS"]
[Date "2006.02.01"]
[Round "4.25"]
[White "Grabuzova, Tatiana"]
[Black "Chebotarev, Oleg"]
[Result "0-1"]
[WhiteElo "2332"]
[BlackElo "2469"]
[PlyCount "76"]
[EventDate "2006.01.29"]
[EventType "swiss"]
[EventRounds "9"]
[EventCountry "RUS"]
[Source "lmi"]
[SourceDate "2006.02.06"]

1. d4 e6 2. c4 Nf6 3. g3 d5 4. Bg2 dxc4 5. Nf3 Bb4+ 6. Nc3 Nc6 7. O-O O-O 8. e3
Nd5 9. Qc2 Be7 10. Qe2 Nb6 11. Rd1 Bb4 12. e4 Qe7 13. Bg5 f6 14. Be3 Bd7 15.
Rac1 Na5 16. a3 Bxc3 17. Rxc3 Na4 18. Rc2 b5 19. Bd2 Nb3 20. Bb4 c5 21. dxc5
Bc6 22. Rd6 Rac8 23. Bh3 Naxc5 24. Bxe6+ Nxe6 25. Rxc6 Qd7 26. Rxe6 Qxe6 27.
Bxf8 Rxf8 28. Qe3 Rd8 29. Re2 Qg4 30. Kg2 Rd3 31. Qf4 Qxf4 32. gxf4 Kf7 33. Ne1
Rd1 34. Nc2 Nc5 35. e5 Nd3 36. Kf3 Nxb2 37. Nd4 Rxd4 38. Rxb2 a6 0-1

[Event "Moscú open 2006"]
[Site "Moscu RUS"]
[Date "2006.02.02"]
[Round "5.1"]
[White "Maslak, Konstantin"]
[Black "Smikovski, Ivan"]
[Result "0-1"]
[WhiteElo "2477"]
[BlackElo "2498"]
[PlyCount "98"]
[EventDate "2006.01.29"]
[EventType "swiss"]
[EventRounds "9"]
[EventCountry "RUS"]
[Source "lmi"]
[SourceDate "2006.02.06"]

1. e4 c5 2. Nf3 d6 3. d4 cxd4 4. Nxd4 Nf6 5. Nc3 a6 6. Be2 e5 7. Nb3 Be7 8. Bg5
Be6 9. Bxf6 Bxf6 10. Qd3 Bg5 11. Rd1 Nc6 12. Qxd6 Qxd6 13. Rxd6 Ke7 14. Rd1 Nb4
15. Na1 Rhd8 16. a3 Rxd1+ 17. Nxd1 Nc6 18. Ne3 Rd8 19. Bd3 b5 20. O-O g6 21.
Re1 Na5 22. Kf1 Nc4 23. Bxc4 bxc4 24. Ke2 f5 25. b3 Bxe3 26. fxe3 c3 27. Rd1
Rxd1 28. Kxd1 a5 29. Ke2 fxe4 30. Kf2 Kf6 31. Kf1 Kg5 32. Kf2 h5 33. Kg1 Bd7
34. Kf2 Kg4 35. Kg1 h4 36. Kf2 Bc6 37. h3+ Kf5 38. Kf1 g5 39. Kg1 g4 40. Kh2
Kg5 41. Kg1 Bd7 42. Kh2 Be6 43. b4 a4 44. hxg4 Kxg4 45. b5 Bc8 46. b6 Bb7 47.
Kg1 Kg3 48. Kf1 Kh2 49. Kf2 Ba6 0-1

[Event "Moscú open 2006"]
[Site "Moscu RUS"]
[Date "2006.02.02"]
[Round "5.2"]
[White "Lastin, Alexander"]
[Black "Kryakvin, Dmitry"]
[Result "1-0"]
[WhiteElo "2588"]
[BlackElo "2479"]
[PlyCount "69"]
[EventDate "2006.01.29"]
[EventType "swiss"]
[EventRounds "9"]
[EventCountry "RUS"]
[Source "lmi"]
[SourceDate "2006.02.06"]

1. e4 c5 2. Nf3 d6 3. d4 cxd4 4. Nxd4 Nf6 5. Nc3 Nc6 6. Bg5 e6 7. Qd2 Be7 8.
O-O-O O-O 9. f3 Nxd4 10. Qxd4 a6 11. h4 b5 12. Kb1 Qa5 13. Qd2 b4 14. Ne2 e5
15. Nc1 Be6 16. g4 Rfd8 17. Bxf6 Bxf6 18. g5 Be7 19. Bh3 Rac8 20. g6 Bxh3 21.
gxf7+ Kh8 22. Rxh3 Qc7 23. Rh2 a5 24. h5 Bf8 25. f4 Qxf7 26. Nd3 Re8 27. fxe5
dxe5 28. Qg5 Qe7 29. Qg3 Rc4 30. Rf1 Rxe4 31. Qf3 Rd4 32. Nxe5 Qf6 33. Ng6+ Kg8
34. Qb3+ Re6 35. Qxe6+ 1-0

[Event "Moscú open 2006"]
[Site "Moscu RUS"]
[Date "2006.02.02"]
[Round "5.3"]
[White "Gabrielian, Artur"]
[Black "Nikolenko, Oleg"]
[Result "1/2-1/2"]
[WhiteElo "2495"]
[BlackElo "2524"]
[PlyCount "35"]
[EventDate "2006.01.29"]
[EventType "swiss"]
[EventRounds "9"]
[EventCountry "RUS"]
[Source "lmi"]
[SourceDate "2006.02.06"]

1. e4 e6 2. d4 d5 3. Nc3 Nf6 4. Bg5 Be7 5. e5 Nfd7 6. h4 c5 7. Bxe7 Kxe7 8.
dxc5 Nxe5 9. Qe2 Nbc6 10. O-O-O Qa5 11. f4 d4 12. Ne4 Nd7 13. Qc4 f5 14. Ng5
Nxc5 15. Rh3 Rd8 16. Ra3 Qb4 17. Qxb4 Nxb4 18. Nxh7 1/2-1/2

[Event "Moscú open 2006"]
[Site "Moscu RUS"]
[Date "2006.02.02"]
[Round "5.5"]
[White "Tihonov, Jurij"]
[Black "Konovalov, Nikolay"]
[Result "1-0"]
[WhiteElo "2454"]
[BlackElo "2419"]
[PlyCount "77"]
[EventDate "2006.01.29"]
[EventType "swiss"]
[EventRounds "9"]
[EventCountry "RUS"]
[Source "lmi"]
[SourceDate "2006.02.06"]

1. d4 d5 2. c4 e6 3. Nc3 c6 4. e3 f5 5. f4 Nf6 6. Nf3 Bd6 7. Be2 O-O 8. O-O Bd7
9. Bd2 Be8 10. Qb3 Qd7 11. Ne5 Qe7 12. Be1 Ne4 13. Nxe4 dxe4 14. c5 Bxe5 15.
dxe5 Nd7 16. Rd1 Nxc5 17. Bb4 b6 18. Qc3 Bf7 19. Bxc5 bxc5 20. Rd6 Rfd8 21.
Qxc5 Rxd6 22. exd6 Qb7 23. b3 Qb6 24. Rc1 Be8 25. Qc3 Rd8 26. Rd1 c5 27. Qe5 c4
28. Bxc4 Qxe3+ 29. Kh1 Bh5 30. Qxe6+ Kh8 31. d7 Qxf4 32. Rf1 Qh6 33. Qxf5 g5
34. Bf7 Be2 35. Qe5+ Qg7 36. Qe8+ Qf8 37. Qxf8+ Rxf8 38. Rc1 Bb5 39. Rc8 1-0

[Event "Moscú open 2006"]
[Site "Moscu RUS"]
[Date "2006.02.02"]
[Round "5.6"]
[White "Chebotarev, Oleg"]
[Black "Aleksandrov, Aleksej"]
[Result "1/2-1/2"]
[WhiteElo "2469"]
[BlackElo "2635"]
[PlyCount "71"]
[EventDate "2006.01.29"]
[EventType "swiss"]
[EventRounds "9"]
[EventCountry "RUS"]
[Source "lmi"]
[SourceDate "2006.02.06"]

1. e4 e5 2. Nf3 Nc6 3. Bb5 Nf6 4. d3 Bc5 5. Nc3 d6 6. O-O O-O 7. Na4 Bb6 8. c3
Ne7 9. Nxb6 axb6 10. Ba4 Ng6 11. Bc2 h6 12. h3 Re8 13. Re1 Re7 14. d4 exd4 15.
cxd4 Qe8 16. Nd2 Bd7 17. Re3 Ra5 18. b3 b5 19. b4 Ra6 20. Bb2 Nh7 21. Qf1 Nf4
22. Rf3 g5 23. a3 f6 24. d5 Ra8 25. Rc1 Rc8 26. Bb1 Kg7 27. Nb3 c6 28. dxc6
bxc6 29. Rd1 d5 30. exd5 cxd5 31. Nc5 d4 32. Nxd7 Qxd7 33. Rxd4 Qc6 34. Rdxf4
gxf4 35. Qd3 Kh8 36. Rxf4 1/2-1/2

[Event "Moscú open 2006"]
[Site "Moscu RUS"]
[Date "2006.02.02"]
[Round "5.10"]
[White "Potkin, Vladimir"]
[Black "Chadaev, Nikolay"]
[Result "1/2-1/2"]
[WhiteElo "2546"]
[BlackElo "2437"]
[PlyCount "82"]
[EventDate "2006.01.29"]
[EventType "swiss"]
[EventRounds "9"]
[EventCountry "RUS"]
[Source "lmi"]
[SourceDate "2006.02.06"]

1. e4 e5 2. Nf3 Nc6 3. Nc3 Nf6 4. Bb5 Nd4 5. Ba4 Nxf3+ 6. Qxf3 c6 7. O-O Bc5 8.
d3 O-O 9. h3 d6 10. Ne2 Ne8 11. c3 Be6 12. d4 Bb6 13. dxe5 dxe5 14. Ng3 Nd6 15.
Bb3 Qe7 16. Rd1 Rfd8 17. Be3 Rd7 18. Rd3 Rad8 19. Rad1 g6 20. Bxe6 fxe6 21.
Bxb6 axb6 22. Nf1 Nf7 23. Rxd7 Rxd7 24. Rxd7 Qxd7 25. Qf6 Kf8 26. Ne3 Qe7 27.
Qxe7+ Kxe7 28. f3 h5 29. h4 Nd6 30. Kf2 b5 31. Ke2 b6 32. b3 Kd7 33. Kd3 c5 34.
g4 Kc6 35. Nf1 c4+ 36. Ke3 b4 37. gxh5 gxh5 38. cxb4 cxb3 39. axb3 Kb5 40. Ng3
Kxb4 41. Nxh5 Kxb3 1/2-1/2